Concepts of programming languages

Đã lưu trong:
書目詳細資料
主要作者: Sebesta, Robert W.
格式: 圖書
語言:Undetermined
出版: Boston, MA. Pearson Education 2004
主題:
標簽: 添加標簽
沒有標簽, 成為第一個標記此記錄!
Thư viện lưu trữ: Trung tâm Học liệu Trường Đại học Cần Thơ
LEADER 00536nam a2200193Ia 4500
001 CTU_104983
008 210402s9999 xx 000 0 und d
020 |c 71.5 
082 |a 005.13 
082 |b S443 
100 |a Sebesta, Robert W. 
245 0 |a Concepts of programming languages 
245 0 |c Robert W. Sebesta 
260 |a Boston, MA. 
260 |b Pearson Education 
260 |c 2004 
650 |a Programming languages ( electronic computers ) 
904 |i Minh 
980 |a Trung tâm Học liệu Trường Đại học Cần Thơ